000
00298nam a22001337a 4500
008
170302b xxu||||| |||| 00| 0 eng d
020
_a
9781416057635
041
_a
eng
080
_2
3 ED
_a
516.073
100
_a
6
101
_a
SHM
245
_a
RADIOGRAPHY ESSENTIALS
_c
LONG.B.W
942
_2
udc
_c
BK
999
_c
6640
_d
6640